<?xml version="1.0" encoding="UTF-8"?>
<marc:record xmlns:marc="http://www.loc.gov/MARC21/slim">
   <marc:leader>00000nam a2200000 a 4500</marc:leader>
   <marc:datafield ind1="1" ind2=" " tag="100">
      <marc:subfield code="a">Eckmeier, Jérôme</marc:subfield>
      <marc:subfield code="4">aut</marc:subfield>
      <marc:subfield code="e">Verfasser/-in</marc:subfield>
   </marc:datafield>
   <marc:datafield ind1="1" ind2=" " tag="100">
      <marc:subfield code="a">Lais, Daniela</marc:subfield>
      <marc:subfield code="4">aut</marc:subfield>
      <marc:subfield code="e">Verfasser/-in</marc:subfield>
   </marc:datafield>
   <marc:datafield ind1=" " ind2=" " tag="653">
      <marc:subfield code="a">Kochbuch</marc:subfield>
   </marc:datafield>
   <marc:datafield ind1=" " ind2=" " tag="653">
      <marc:subfield code="a">Kochrezepte</marc:subfield>
   </marc:datafield>
   <marc:datafield ind1=" " ind2=" " tag="653">
      <marc:subfield code="a">vegan</marc:subfield>
   </marc:datafield>
   <marc:datafield ind1=" " ind2=" " tag="653">
      <marc:subfield code="a">Vegane Küche</marc:subfield>
   </marc:datafield>
   <marc:datafield ind1="0" ind2="0" tag="245">
      <marc:subfield code="a">Vegane Lunchbox</marc:subfield>
   </marc:datafield>
   <marc:datafield ind1="0" ind2="0" tag="245">
      <marc:subfield code="b">einfach, schnell, vegan - immer und überall! - Über 100 Rezepte für unterwegs - mitnehmen, aufessen, satt werden.</marc:subfield>
   </marc:datafield>
   <marc:datafield ind1="0" ind2="0" tag="245">
      <marc:subfield code="c">Jérôme Eckmeier ; Daniela Lais</marc:subfield>
   </marc:datafield>
   <marc:datafield ind1=" " ind2="1" tag="264">
      <marc:subfield code="a">Starnberg</marc:subfield>
      <marc:subfield code="b">Dorling Kindersley</marc:subfield>
      <marc:subfield code="c">2016</marc:subfield>
   </marc:datafield>
   <marc:datafield ind1="1" ind2=" " tag="520">
      <marc:subfield code="a">Vegane Küche ist so verbreitet wie nie. Dennoch ist es für Veganer immer noch schwierig außer Haus zu essen. Die Erfolgsautoren Jérôme Eckmeier und Daniela Lais zeigen daher, wie leicht vegane Küche to go geht: schnell zubereitet, kalt und warm ein Genuss und immer einfach zu transportieren. Über 100 Rezepte zum Mitnehmen von kleinen Snacks wie Müsliriegeln oder Grünkohl-Chips über Suppen und Salaten wie italienischer Brotsalat bis zu köstlichen Sandwiches und Burgern. Nicht zu vergessen deftige Gerichte zum Sattwerden, wie Spargel-Quiche oder gefüllten Süßkartoffeln. Hier ist für jeden etwas dabei! Auch dieser Titel wird wieder, wie Eckmeiers Vorgängertitel bereits, vom VEBU (Vegetarierbund Deutschlands) unterstützt.</marc:subfield>
   </marc:datafield>
   <marc:datafield ind1=" " ind2=" " tag="020">
      <marc:subfield code="a">9783831029372</marc:subfield>
      <marc:subfield code="9">9783831029372</marc:subfield>
   </marc:datafield>
   <marc:datafield ind1=" " ind2=" " tag="020">
      <marc:subfield code="a">3831029377</marc:subfield>
      <marc:subfield code="9">3831029377</marc:subfield>
   </marc:datafield>
   <marc:datafield ind1=" " ind2=" " tag="300">
      <marc:subfield code="a">192 S.</marc:subfield>
   </marc:datafield>
</marc:record>
